000 00973nam a2200217Ia 4500
999 _c6293
_d6293
003 GCL
005 20240530095334.0
008 140319s1987 ua 000 0 ara d
020 _a7074245977
040 _aGCL /
_cGCL
082 0 4 _a953.079/
_bا ت
100 0 _aاحمد محمود الساداتى
245 1 0 _aتاريخ الدولة الاسلامية بآسيا وحضارتها :
_bشبه القارة الهندية والباكستانية وبنجالادش - ايران - بلاد ماوراء النهر ( بخارى الكبرى او التركستان - افغانستان - تركيا ) /
_cاحمد محمود الساداتى
260 _aالقاهرة :
_bمكتبة نهضة الشرق ،
_c1987.
300 _a319 ص ؛
_c25 سم
650 0 7 _2qarmk
_aالاسلام
_x تاريخ
651 0 7 _2qarmk
_aافغانستان
_xتاريخ
651 0 7 _2qarmk
_aالهند
_xتاريخ
651 0 7 _2qarmk
_aتركيا
_x تاريخ
942 _2ddc
_cBK